LEADER 01054nam0 22002771i 450 001 UON00411355 005 20231205104742.78 100 $a20121004f1933 |0itac50 ba 101 $ager 102 $aDE 105 $a|||| 1|||| 200 1 $aIm sommer$eRoman$fGunnar Larsen$gAus d. Norweg. übers. von Cläre Greverus Mjöen 205 $aMünchen : Piper$bc1933 210 $a220 p.$a18 cm 215 $aTesto in carattere gotico. 620 $aDE$dMünchen$3UONL003025 676 $a839.8237$cLetteratura narrativa norvegese (Bokmål, Riksmål). 1900-1999$v21 700 1$aLARSEN$bGunnar$3UONV227634$0709014 702 1$aGREVERUS MJÖEN$bCläre$3UONV227636 712 $aPiper & Co$3UONV258994$4650 801 $aIT$bSOL$c20240220$gRICA 899 $aSIBA - SISTEMA BIBLIOTECARIO DI ATENEO$2UONSI 912 $aUON00411355 950 $aSIBA - SISTEMA BIBLIOTECARIO DI ATENEO$dSI Norv I A LAR $eSI 1867 7 996 $aIm sommer$91341113 997 $aUNIOR